01431nam a2200205 a 4500003000900000005001700009007000300026008004100029040002500070082001400095110004500109245007700154260008000231300001900311505072300330650003801053650007001091650002901161700003501190DO-SdBNP20260505103257.0ta220923e2019 dr |||fr||||o001 0 spa d aDO-SdBNPbspacBNPHU 4222bT348c2 aTeatro Nacional (República Dominicana)10aCódigo de ética institucional. /cPresentación, Erasmo A. Cáfaro aSanto Domingo :bComisión de Ética Pública del Teatro Nacional,c2019 a[27] ;c27 cm. aPresentación.tIntroducción.--tAntecedentes.--tObjetivo del Código de Ética.--tDefiniciones y alcances.--tMisión - Visión - Valores.--tServicio de Calidad.--tResponsabilidad.--tTransparencia.--tOtros valores.--tLealtad y Compromiso.--tTrabajo en equipo y respeto.--tHonestidad.--tFunciones de la Comisión de Ética.--tHonestidad.--tFunciones de la Comisión de Ética.--tNuestros compromisos como colaboradores del Teatro Nacional Eduardo Brito.--tLineamientos y Deberes Éticos.--tLineamientos Éticos.--tSistema de Consecuencias.--tConsultas y Denuncias.--tProceso disciplinario de los funcionarios.--tCertificación de Conocimiento y cumplimiento.--tVisto.--tConclusión. 4aInstituciones públicasxÉtica 4aAdministración PúblicaxLegislaciónzRepública Dominicana 0aFuncionarios públicos  aCáfaro, Erasmo A. epresent.